01340nam a2200253 a 450000100100000000500170001000800410002702000180006804000250008608200160011110000330012724500520016026000360021230000200024850000710026858600860033959000270042595201280045295201280058095201280070895201140083695201190095099900170106900004667920201002053036.0180316s2017 dr r 000 p spa d a9789945168334 aDO-SdBNPbspacBNPHU axxxxbT266L1 aTejada, Rafael Antonio9724413aLa vida y los tiempos /cRafael Antonio Tejada. aSanto Domingo :bBúho,c2017. a80 p. ;c22 cm. aIncluye datos biográficos del autor en la solapa de la cubierta. aMención de Honor Funglode/ GFDD 2014 Premio de Novela "Federico García Godoy" aInventariado, 2018 /LP 001054708DSaGRbGRcHDd2018-03-16iLF1l0oxxxx T266Lp46679-30r2020-06-25te.3w2020-06-25yLFDSZPréstamo en sala 001054708DSaGRbGRcHDd2018-03-16iLF1l0oxxxx T266Lp46679-40r2020-06-25te.4w2020-06-25yLFDSZPréstamo en sala 001054708DSaGRbGRcHDd2018-03-16iLF1l0oxxxx T266Lp46679-50r2020-06-25te.5w2020-06-25yLFDSZPréstamo en sala 0010718PDaPDbPDcHDd2018-03-16iLF1l0oxxxx T266Lp46679-10r2020-06-25w2020-06-25yLFPDZNo se presta 0010718PDaPDbPDcHDd2018-03-16iLF1l0oxxxx T266Lp46679-20r2020-06-25te.2w2020-06-25yLFPDZNo se presta c46168d46168